Química física para las ciencias de la vida /

Guardado en:
Autor Principal: Barrow, Gordon M.
Formato: Libro
Idioma:Spanish
Publicado: Barcelona : Reverté, 1976.
Materias:
Etiquetas: Agregar Etiqueta
Sin Etiquetas, Sea el primero en etiquetar este registro!
LEADER 01004nam a22002415a 4500
001 EUN.um028633
003 AR-BaUNS
005 20050623122904.0
008 041125s1976####sp#a##########000#0#spa#d
245 1 0 |a Química física para las ciencias de la vida /  |c Gordon M. Barrow. 
260 |a Barcelona :  |b Reverté,  |c 1976. 
300 |a 459 p. :  |b ilus. ;  |c 21,5 cm. 
020 |a 8429170391 
100 1 |a Barrow, Gordon M. 
082 0 4 |a 541.2 
653 |a Fisicoquimica 
859 |a Ar-BaUNS  |b BIB. CENTRAL - Sector B  |h 541.2  |i B279  |p 84609/980  |t Ej.4 
859 |a Ar-BaUNS  |b BIB. CENTRAL - Sector B  |h 541.2  |i B279  |p 84612/980  |t Ej.7 
859 |a Ar-BaUNS  |b BIB. CENTRAL - Sector B  |h 541.2  |i B279  |p 84613/980  |t Ej.8 
859 |a Ar-BaUNS  |b BIB. CENTRAL - Sector B  |h 541.2  |i B279  |p 84615/980  |t Ej.10 
859 |a Ar-BaUNS  |b BIB. CENTRAL - Sector B  |h 541.2  |i B279  |p 84620/980  |t Ej.15 
859 |a Ar-BaUNS  |b BIB. CENTRAL - Sector B  |h 541.2  |i B279  |p 84898/980  |t Ej.29 
859 |a Ar-BaUNS  |b BIB. CENTRAL - Sector B  |h 541.2  |i B279  |p 84899/980  |t Ej.30